[Event "Collado Villalba op-B 34th"]
[Site "Collado Villalba"]
[Date "2017.08.30"]
[Round "9"]
[White "Vazquez Rodriguez, Francisco"]
[Black "Medrano del Val, Julio"]
[Result "0-1"]
[WhiteElo "1579"]
[BlackElo "1823"]
[PlyCount "96"]
[EventDate "2017.08.22"]
[EventType "swiss"]
[EventRounds "9"]
[EventCountry "ESP"]
[SourceTitle "CBM 180 Extra"]
[Source "ChessBase"]
[SourceDate "2017.10.06"]
[SourceVersion "1"]
[SourceVersionDate "2017.10.06"]
[SourceQuality "1"]

1. e4 g6 2. Nf3 Bg7 3. Nc3 c5 4. Bc4 d6 5. 0-0 Nd7 6. Re1 e6 7. d3 Ngf6 8. Bf4 e5 9. Bg5 h6 10. Be3 0-0 11. h3 Kh7 12. Qd2 a6 13. a3 b5 14. Ba2 Rb8 15. Nd5 Nxd5 16. Bxd5 Nf6 17. Ba2 b4 18. axb4 Rxb4 19. Bb3 Ne8 20. Ra4 Rxa4 21. Bxa4 Nc7 22. Ra1 f5 23. exf5 gxf5 24. Qc1 Bb7 25. Nh2 Qh4 26. Bb3 f4 27. Bd2 f3 28. g3 Qxh3 29. Qf1 Qxf1+ 30. Rxf1 Nb5 31. c3 d5 32. Be3 d4 33. cxd4 cxd4 34. Bd2 e4 35. Bc2 Rc8 36. Bb1 e3 37. fxe3 dxe3 38. Bxe3 Nd4 39. Ng4 Rc6 40. Kf2 Rg6 41. Nh2 Be5 42. Rg1 Kg7 43. Bf4 Bf6 44. Rf1 h5 45. Rg1 Ne2 46. Rf1 Nxf4 47. gxf4 Rg2+ 48. Ke3 Rxh2 0-1

[Event "San Sebastian de los Reyes op 18th"]
[Site "San Sebastian"]
[Date "2016.12.05"]
[Round "3"]
[White "Reyes Penas, Sebastian"]
[Black "Vazquez Rodriguez, Francisco"]
[Result "1-0"]
[WhiteElo "1832"]
[BlackElo "1529"]
[PlyCount "95"]
[EventDate "2016.12.03"]
[EventType "swiss"]
[EventRounds "9"]
[EventCountry "ESP"]
[SourceTitle "CBM 176 Extra"]
[Source "ChessBase"]
[SourceDate "2017.03.02"]
[SourceVersion "1"]
[SourceVersionDate "2017.03.02"]
[SourceQuality "1"]

1. e4 c5 2. Nf3 Nc6 3. d4 cxd4 4. Nxd4 Nf6 5. Nc3 g6 6. g3 Bg7 7. Nde2 d6 8. Bg2 0-0 9. 0-0 Bd7 10. h3 Rc8 11. a4 Re8 12. Be3 Ne5 13. b3 Nc6 14. Qd2 Nb4 15. Rac1 a5 16. g4 Qc7 17. Bd4 Nc6 18. Nb5 Qd8 19. Bc3 b6 20. f4 Nxg4 21. hxg4 Bxg4 22. Bxg7 Kxg7 23. c3 Be6 24. Ned4 Bd7 25. Nxc6 Bxc6 26. Na7 Rc7 27. Qd4+ Kg8 28. Qxb6 Qb8 29. Qxb8 Rxb8 30. Nxc6 Rxc6 31. e5 Rcb6 32. exd6 Rxd6 33. Rb1 Rdb6 34. Bd5 e6 35. Bc4 Rc6 36. Rbd1 Kg7 37. Rd7 Rcb6 38. Re1 R6b7 39. Rxb7 Rxb7 40. Re5 Ra7 41. Bb5 Kf8 42. b4 axb4 43. cxb4 Ke7 44. a5 Kd6 45. Re2 Rb7 46. Rd2+ Ke7 47. a6 Ra7 48. Rd7+ 1-0